000 00691nam a2200253 a 4500
001 0001-1165
003 ELIB.Books
008 150506 2010 eng
020 _a9870817017514
035 _a(ELIB.Books)0001-1320
092 _a261.7
_bMcM
100 _aMcmickle, Marvin.
245 _aPulpit & Politics
_bSeparation of Church & State in the Black Church
250 _aFirst Edition
260 _aValley Forge
_bJudson Press
_c2014
300 _a216
_c21.5 Cm
500 _aC/o ABC
650 _aChristianity & Political Affair
856 _nKBTS: Library
_uKBTS: Elib
942 _2ddc
_cBK
990 _a1
998 _cbat
_e2015-05-06
999 _c11165
_d11165